00718nam a2200217 a 450000100060000000300080000600500170001400800410003102000120007203500190008404000320010304100080013508200240014324501270016726000690029430000230036350000210038665000290040765000310043670000330046749708BD-RjUL20211209054721.0160822s1978 bg b 001 0 eng  cTk20.00 a(BD-RjUL)49828 aDLCcDLCdDLCdBD-RjULbeng aeng00a362.5223bVAG 197814aThe vagrants of Dacca City :ba socio-economic survey, 1975 /cA. Farouk, in collaboration with Rezaul Karim ... [et al.]. aDacca :bBureau of Economic Research, University of Dacca,c1978 av, 84 p. ;c25 cm. aIncludes index. 0aPoorzBangladeshzDhaka. 0aTrampszBangladeshzDhaka.1 aKarim, Rezaul ... [et al.].